[Event "Rheinland Pfalz Seniors op 21st"]
[Site "Altenkirchen"]
[Date "2024.09.11"]
[Round "9"]
[White "Thorn, Jochen"]
[Black "Fleuch, Hans Juergen"]
[Result "1/2-1/2"]
[WhiteElo "1641"]
[BlackElo "1969"]
[PlyCount "41"]
[EventDate "2024.09.03"]
[EventType "swiss"]
[EventRounds "9"]
[EventCountry "GER"]
[SourceTitle "EXT 2025"]
[Source "ChessBase"]
[SourceDate "2024.10.14"]
[SourceVersion "1"]
[SourceVersionDate "2024.10.14"]
[SourceQuality "1"]

1. Nf3 d6 2. c4 g6 3. e3 Bg7 4. Nc3 e5 5. d4 Nc6 6. d5 Nce7 7. e4 Nf6 8. Be2 0-0 9. h3 c5 10. 0-0 h6 11. g4 Ne8 12. Kh2 g5 13. Rg1 Ng6 14. Bf1 Bd7 15. Ne2 Nf4 16. Ng3 Nf6 17. Qc2 a6 18. a4 b6 19. Ra3 Rb8 20. Nf5 Bxf5 21. gxf5 1/2-1/2

[Event "Rheinland Pfalz Seniors op 21st"]
[Site "Altenkirchen"]
[Date "2024.09.07"]
[Round "5"]
[White "Hiller, Joachim"]
[Black "Thorn, Jochen"]
[Result "1-0"]
[WhiteElo "1931"]
[BlackElo "1641"]
[PlyCount "123"]
[EventDate "2024.09.03"]
[EventType "swiss"]
[EventRounds "9"]
[EventCountry "GER"]
[SourceTitle "EXT 2025"]
[Source "ChessBase"]
[SourceDate "2024.10.14"]
[SourceVersion "1"]
[SourceVersionDate "2024.10.14"]
[SourceQuality "1"]

1. e4 c6 2. Nc3 d5 3. Nf3 Bg4 4. h3 Bxf3 5. Qxf3 dxe4 6. Nxe4 e6 7. Bc4 Be7 8. 0-0 Nf6 9. d3 0-0 10. Bf4 Nbd7 11. Rfd1 Nc5 12. Nxc5 Bxc5 13. d4 Bd6 14. Bg5 Be7 15. Bb3 Nd5 16. Bd2 Qb6 17. c4 Nf6 18. Bc3 Rad8 19. Rd2 Bb4 20. Rad1 Bxc3 21. bxc3 Rd7 22. g4 Rfd8 23. g5 Ne8 24. Bc2 g6 25. h4 f5 26. gxf6 Rf7 27. c5 Qc7 28. Bb3 Rxf6 29. Qg4 Ng7 30. Re2 Rdf8 31. Rd3 Qf7 32. Rde3 Rxf2 33. Bxe6 Nxe6 34. Qxe6 Qxe6 35. Rxe6 R2f4 36. R6e4 R4f7 37. Kg2 Kg7 38. c4 Rf4 39. d5 cxd5 40. cxd5 R4f5 41. Re7+ R8f7 42. Rxf7+ Kxf7 43. Rd2 Ke7 44. Kg3 Kd7 45. a4 Re5 46. Kf4 Rh5 47. Kg4 Re5 48. Rd4 h5+ 49. Kf4 Rf5+ 50. Ke4 a5 51. Rd3 Rf1 52. Rb3 Re1+ 53. Kd4 Rd1+ 54. Ke5 Re1+ 55. Kf6 Kc7 56. Kxg6 Re5 57. d6+ Kc6 58. Rb5 b6 59. Kf6 Re4 60. cxb6 Kxd6 61. b7 Re6+ 62. Kf5 1-0

[Event "Rheinland Pfalz Seniors op 21st"]
[Site "Altenkirchen"]
[Date "2024.09.05"]
[Round "3"]
[White "Riha, Peter"]
[Black "Thorn, Jochen"]
[Result "1/2-1/2"]
[WhiteElo "1841"]
[BlackElo "1641"]
[PlyCount "45"]
[EventDate "2024.09.03"]
[EventType "swiss"]
[EventRounds "9"]
[EventCountry "GER"]
[SourceTitle "EXT 2025"]
[Source "ChessBase"]
[SourceDate "2024.10.14"]
[SourceVersion "1"]
[SourceVersionDate "2024.10.14"]
[SourceQuality "1"]

1. d4 Nf6 2. c4 g6 3. Nc3 Bg7 4. e4 d6 5. f4 0-0 6. Nf3 c5 7. d5 e6 8. Be2 exd5 9. exd5 Re8 10. 0-0 Ng4 11. Bd3 Ne3 12. Bxe3 Rxe3 13. Qd2 Re7 14. h3 Nd7 15. f5 Ne5 16. Nxe5 Rxe5 17. fxg6 hxg6 18. Rae1 Qh4 19. Re4 Rxe4 20. Nxe4 Be5 21. b3 f5 22. Qg5 Qxg5 23. Nxg5 1/2-1/2